[Event "1st Turkish League 2017"]
[Site "Konya"]
[Date "2017.07.21"]
[Round "7"]
[White "Saim, Sida"]
[Black "Erece, Ece Alkim"]
[Result "1/2-1/2"]
[WhiteElo "1634"]
[BlackElo "1829"]
[Annotator "NA"]
[PlyCount "124"]
[EventType "team-tourn"]
[EventCountry "TUR"]
[SourceTitle "playchess.com"]
[Source "ChessBase"]
[SourceQuality "1"]
[TimeControl "5400+30"]

1. c4 {[%emt 0:00:30]} Nf6 {[%emt 0:01:00]} 2. Nc3 {[%emt 0:00:00]} c5 {[%emt 0:00:30]} 3. Nf3 {[%emt 0:01:00]} g6 {[%emt 0:01:30]} 4. g3 {[%emt 0:01:30]} Nc6 {[%emt 0:00:30]} 5. Bg2 {[%emt 0:00:30]} d6 {[%emt 0:00:00]} 6. O-O {[%emt 0:00:30]} Bg7 {[%emt 0:00:00]} 7. d4 {[%emt 0:02:30]} cxd4 {[%emt 0:00:30]} 8. Nxd4 {[%emt 0:00:30]} Bd7 {[%emt 0:00:30]} 9. Rb1 {[%emt 0:02:30]} O-O {[%emt 0:03:30]} 10. Re1 {[%emt 0:10:30]} Nxd4 {[%emt 0:03:30]} 11. Qxd4 {[%emt 0:00:30]} Bc6 {[%emt 0:00:00]} 12. Qd3 {[%emt 0:02:30]} Bxg2 {[%emt 0:06:00]} 13. Kxg2 {[%emt 0:00:30]} Nd7 {[%emt 0:00:30]} 14. Ne4 {[%emt 0:05:30]} Ne5 {[%emt 0:20:30]} 15. Qd5 {[%emt 0:03:30]} Qc7 {[%emt 0:00:30]} 16. b3 {[%emt 0:02:30]} Rfd8 {[%emt 0:02:30]} 17. c5 {[%emt 0:09:30]} e6 {[%emt 0:06:30]} 18. Qd2 {[%emt 0:07:30]} dxc5 {[%emt 0:02:30]} 19. Qc2 {[%emt 0:00:30]} b6 {[%emt 0:01:30]} 20. Bg5 {[%emt 0:03:30]} Rd5 {[%emt 0:05:30]} 21. h4 {[%emt 0:07:30]} h6 {[%emt 0:09:30]} 22. Bf4 {[%emt 0:13:30]} Qb7 {[%emt 0:03:30]} 23. Kg1 {[%emt 0:02:30]} Rad8 {[%emt 0:00:30]} 24. Qc1 {[%emt 0:06:52]} Kh7 {[%emt 0:01:30]} 25. f3 {[%emt 0:02:31]} Nc6 {[%emt 0:02:30]} 26. Kg2 {[%emt 0:04:13]} Nd4 {[%emt 0:01:30]} 27. g4 {[%emt 0:02:46]} f5 {[%emt 0:03:30]} 28. Nc3 {[%emt 0:01:22]} R5d7 {[%emt 0:00:30]} 29. g5 {[%emt 0:01:15]} h5 {[%emt 0:01:30]} 30. Be3 {[%emt 0:01:48]} e5 {[%emt 0:00:30]} 31. Bg1 {[%emt 0:00:30]} Ne6 {[%emt 0:00:30]} 32. Be3 {[%emt 0:01:47]} e4 {[%emt 0:04:50]} 33. Bf2 {[%emt 0:03:13]} Rd2 {[%emt 0:01:46]} 34. fxe4 {[%emt 0:00:28]} Bxc3 {[%emt 0:00:14]} 35. Qxc3 {[%emt 0:00:04]} Qxe4+ {[%emt 0:00:38]} 36. Qf3 {[%emt 0:00:30]} Nf4+ {[%emt 0:00:00]} 37. Kf1 {[%emt 0:00:41]} Re8 {[%emt 0:04:17]} 38. Qxe4 {[%emt 0:00:30]} Rxe4 {[%emt 0:01:25]} 39. Rbd1 {[%emt 0:00:31]} Rxa2 {[%emt 0:01:07]} 40. Rd7+ {[%emt 0:00:30]} Kg8 {[%emt 0:00:14]} 41. Rd8+ {[%emt 0:00:22]} Kf7 {[%emt 0:00:17]} 42. Rd7+ {[%emt 0:00:40]} Re7 {[%emt 0:00:22]} 43. Rd6 {[%emt 0:00:38]} Raxe2 {[%emt 0:03:47]} 44. Red1 {[%emt 0:00:50]} R2e6 {[%emt 0:00:16]} 45. Rd8 {[%emt 0:00:05]} Ne2 {[%emt 0:01:03]} 46. Rh8 {[%emt 0:00:27]} Nc3 {[%emt 0:02:59]} 47. Rdd8 {[%emt 0:00:21]} Re4 {[%emt 0:04:23]} 48. Rdf8+ {[%emt 0:00:53]} Ke6 {[%emt 0:00:32]} 49. Rf6+ {[%emt 0:00:17]} Ke5 {[%emt 0:00:22]} 50. Rxg6 {[%emt 0:00:34]} Kf4 {[%emt 0:00:36]} 51. Rf6 {[%emt 0:00:59]} Nd1 {[%emt 0:00:33]} 52. Rhf8 {[%emt 0:00:06]} R7e5 {[%emt 0:00:22]} 53. g6 {[%emt 0:00:35]} Nxf2 {[%emt 0:02:36]} 54. g7 {[%emt 0:00:02]} Ng4 {[%emt 0:01:28]} 55. Rxf5+ {[%emt 0:00:20]} Rxf5 {[%emt 0:00:01]} 56. g8=Q {[%emt 0:00:38]} Rxf8 {[%emt 0:00:00]} 57. Qxf8+ {[%emt 0:00:04]} Kg3 {[%emt 0:00:00]} 58. Qb8+ {[%emt 0:01:03]} Kxh4 {[%emt 0:00:00]} 59. Qxa7 {[%emt 0:00:22]} Rf4+ {[%emt 0:00:00]} 60. Ke1 {[%emt 0:00:18]} Rf6 {[%emt 0:00:00]} 61. Qd7 {[%emt 0:00:35]} Kg5 {[%emt 0:01:46]} 62. Qd5+ {[%emt 0:00:44]} Kh4 {[%emt 0:00:10]} 1/2-1/2

[Event "1st Turkish League 2017"]
[Site "Konya"]
[Date "2017.07.21"]
[Round "7"]
[White "Sahin, Hayrun Nisa"]
[Black "Ozbek, Busra"]
[Result "0-1"]
[WhiteElo "1576"]
[BlackElo "1796"]
[Annotator "NA"]
[PlyCount "84"]
[EventType "team-tourn"]
[EventCountry "TUR"]
[SourceTitle "playchess.com"]
[Source "ChessBase"]
[SourceQuality "1"]
[TimeControl "5400+30"]

1. c4 {[%emt 0:00:30]} g6 {[%emt 0:01:00]} 2. d4 {[%emt 0:00:30]} Bg7 {[%emt 0:00:00]} 3. Nc3 {[%emt 0:00:30]} d6 {[%emt 0:00:00]} 4. g3 {[%emt 0:00:30]} Nf6 {[%emt 0:01:30]} 5. Bg2 {[%emt 0:01:30]} O-O {[%emt 0:01:30]} 6. e3 {[%emt 0:01:30]} Re8 {[%emt 0:05:30]} 7. Nge2 {[%emt 0:01:30]} Nbd7 {[%emt 0:01:30]} 8. O-O {[%emt 0:02:30]} e5 {[%emt 0:01:30]} 9. dxe5 {[%emt 0:05:30]} dxe5 {[%emt 0:11:30]} 10. Qc2 {[%emt 0:12:30]} c6 {[%emt 0:04:30]} 11. Rd1 {[%emt 0:05:30]} Qe7 {[%emt 0:02:30]} 12. e4 {[%emt 0:05:30]} Nf8 {[%emt 0:02:30]} 13. h3 {[%emt 0:04:30]} Be6 {[%emt 0:01:30]} 14. b3 {[%emt 0:00:30]} Rad8 {[%emt 0:04:30]} 15. Be3 {[%emt 0:01:30]} b6 {[%emt 0:04:30]} 16. Kh2 {[%emt 0:04:30]} Bc8 {[%emt 0:05:30]} 17. a4 {[%emt 0:12:30]} Ne6 {[%emt 0:08:30]} 18. a5 {[%emt 0:03:30]} Qc7 {[%emt 0:00:30]} 19. axb6 {[%emt 0:00:30]} axb6 {[%emt 0:00:30]} 20. Na4 {[%emt 0:06:30]} Nd4 {[%emt 0:13:30]} 21. Nxd4 {[%emt 0:06:30]} exd4 {[%emt 0:00:30]} 22. Bxd4 {[%emt 0:00:00]} Ng4+ {[%emt 0:00:30]} 23. hxg4 {[%emt 0:01:00]} Bxd4 {[%emt 0:00:30]} 24. Rab1 {[%emt 0:01:30]} Bxg4 {[%emt 0:00:30]} 25. f3 {[%emt 0:01:39]} Bc8 {[%emt 0:01:30]} 26. Nc3 {[%emt 0:02:32]} h5 {[%emt 0:01:30]} 27. Ne2 {[%emt 0:02:01]} Bf2 {[%emt 0:04:30]} 28. f4 {[%emt 0:03:22]} h4 {[%emt 0:03:19]} 29. gxh4 {[%emt 0:00:34]} Qe7 {[%emt 0:01:47]} 30. Qc3 {[%emt 0:03:16]} Qxh4+ {[%emt 0:00:30]} 31. Bh3 {[%emt 0:00:00]} Rxd1 {[%emt 0:00:07]} 32. Rxd1 {[%emt 0:00:00]} Rxe4 {[%emt 0:00:25]} 33. Qd3 {[%emt 0:04:31]} Qxh3+ {[%emt 0:01:40]} 34. Qxh3 {[%emt 0:00:30]} Bxh3 {[%emt 0:00:30]} 35. Kxh3 {[%emt 0:00:30]} Rxe2 {[%emt 0:00:30]} 36. Rd6 {[%emt 0:00:30]} Bc5 {[%emt 0:01:20]} 37. Rxc6 {[%emt 0:00:00]} Re3+ {[%emt 0:00:30]} 38. Kg4 {[%emt 0:00:25]} Rxb3 {[%emt 0:00:00]} 39. Rc8+ {[%emt 0:00:00]} Kg7 {[%emt 0:00:00]} 40. Re8 {[%emt 0:00:00]} Re3 {[%emt 0:00:00]} 41. Rxe3 {[%emt 0:01:54]} Bxe3 {[%emt 0:00:24]} 42. f5 {[%emt 0:00:30]} g5 {[%emt 0:00:00]} 0-1

[Event "1st Turkish League 2017"]
[Site "Konya"]
[Date "2017.07.22"]
[Round "8"]
[White "Adly, Ahmed"]
[Black "Aghamaliyev, Cemil"]
[Result "0-1"]
[WhiteElo "2620"]
[BlackElo "2493"]
[Annotator "TA"]
[PlyCount "118"]
[EventType "team-tourn"]
[EventCountry "TUR"]
[SourceTitle "playchess.com"]
[Source "ChessBase"]
[SourceQuality "1"]

{[%evp 20,118,0,-43,-33,-35,-30,-20,-27,-89,-74,-72,-72,-100,0,-117,-45,-47,-2,-40,-33,-25,-34,-66,-12,-122,-120,-131,-87,-88,-40,-65,-39,-36,-11,-75,-14,-48,-38,-119,-43,-89,-93,-85,-80,-94,-67,-71,-10,-95,-89,-100,-86,-137,-158,-358,-368,-364,-361,-722,-655,-624,-650,-643,-646,-639,-635,-593,-593,-587,-486,-658,-626,-850,-847,-820,-814,-29978,-29979,-29978,-29980,-29980,-29980,-29987,-29988,-29988,-29989,-29989,-29989,-29990,-29990,-29990,-29991,-29991,-29992,-29994,-29995,-29995,-29990,-29990,-29989]} 1. Nf3 Nf6 2. g3 g6 3. Bg2 Bg7 4. d4 O-O 5. c4 d6 6. O-O Nbd7 7. Nc3 e5 8. dxe5 dxe5 9. h3 c6 10. Be3 Qe7 11. Qc1 Ne8 {E67: King's Indian: Fianchetto: 6...Nbd7} (11... Re8 12. Rd1 a5 13. Ng5 Nc5 14. b3 h6 15. Nf3 Kh7 16. g4 h5 17. Ng5+ Kg8 18. Bxc5 Qxc5 19. Nge4 {½-½ (46) Aronian,L (2785)-Firouzja,A (2456) Doha 2016}) 12. Rd1 f5 {[%cal Bf7f5,Bf5f4][%mdl 32]} 13. Bg5 $146 ({Predecessor:} 13. Rb1 e4 14. Nd2 h6 15. b4 g5 16. f4 exf3 17. Nxf3 g4 18. hxg4 fxg4 19. Nh4 {1-0 (36) Wexler,B-Sumar,J Mar del Plata 1951}) 13... Qf7 {The position is equal.} 14. Bd8 (14. b3 $11) 14... h6 $17 15. e4 f4 16. b4 g5 ({Better is} 16... Qxc4 $17 17. Qa3 fxg3 18. fxg3 Rf7) 17. b5 (17. g4 $1 $11 {keeps the balance.}) 17... Nef6 ({Much worse is} 17... Qxc4 $6 18. g4 $11) (17... fxg3 $17 18. fxg3 Nb6 19. bxc6 bxc6) 18. Bxf6 Qxf6 19. Qa3 Re8 20. bxc6 bxc6 21. Rd6 Re6 ({Black should try} 21... Bf8 $15 22. Rxf6 Bxa3 23. Rxh6 Bb2) 22. Rd3 (22. Rxe6 $11 Qxe6 23. gxf4) 22... Bf8 23. Qa5 fxg3 24. fxg3 Bc5+ 25. Kh1 Bb6 26. Qa3 $1 Nc5 27. Rd2 (27. Na4 $1 $11 Nxd3 28. Nxb6 axb6 29. Qxa8) 27... Re8 ({Black should play} 27... Qe7 $17) 28. Rf1 Qe7 $36 {[%mdl 2048] ...Nxe4! is the strong threat. Black fights for an advantage.} 29. Qc1 (29. Kh2 $15) 29... Ba6 (29... g4 $17 30. hxg4 Bxg4) 30. Rfd1 Rad8 31. Rxd8 Rxd8 32. Rxd8+ Bxd8 33. Nh2 Nd3 ({But not} 33... Bxc4 $2 34. Na4 $1 $18 {[%mdl 512]}) (33... Qd6 $17 {Threatens to win with ...Nd3.} 34. Ng4 Bc8) 34. Qd2 (34. Qc2 $1 $11 Nc5 35. Ng4) 34... Bxc4 35. Bf1 {[#]} Qd6 $1 36. Ng4 (36. Nf3 $142) 36... Bb6 37. Kh2 $2 (37. Bxd3 $17 {was necessary.} Bxd3 38. Nxe5) 37... Qc5 $19 {[%csl Gb6][%cal Rc5g1]} 38. Ne2 Kf8 39. Nxh6 $2 (39. Bg2 h5 40. Nh6) 39... Qf2+ 40. Bg2 {[#] intending Nf5.} Ne1 $1 {[%csl Ge1][%cal Rf2g2]} 41. Qd6+ Ke8 {[%csl Ge1][%cal Rf2g2]} 42. Qxe5+ Kd7 {[%csl Ge1][%cal Rf2g2]} 43. Qf5+ Qxf5 44. exf5 Bxe2 45. Be4 Nf3+ 46. Kh1 Nd2 47. Bg2 c5 {White must now prevent ...c4.} 48. f6 c4 {Black mates.} 49. f7 Ke7 50. Bd5 c3 51. Kh2 Bf3 52. Bxf3 Nxf3+ 53. Kg2 c2 54. Nf5+ Kf8 55. Kxf3 c1=Q 56. Kg4 Qc4+ 57. Kxg5 Bd8+ 58. Kh5 Qxf7+ 59. Kg4 Qg6+ {Precision: White = 36%, Black = 65%.} 0-1

[Event "1st Turkish League 2017"]
[Site "Konya"]
[Date "2017.07.22"]
[Round "8"]
[White "Solodovnichenko, Yuri"]
[Black "Delchev, Aleksandar"]
[Result "1/2-1/2"]
[WhiteElo "2587"]
[BlackElo "2588"]
[Annotator "TA"]
[PlyCount "104"]
[EventType "team-tourn"]
[EventCountry "TUR"]
[SourceTitle "playchess.com"]
[Source "ChessBase"]
[SourceQuality "1"]

{[%evp 21,104,43,39,53,31,11,35,26,52,55,80,0,96,66,77,87,66,0,95,45,79,72,119,89,89,85,72,55,41,62,39,16,26,11,11,11,16,16,9,8,8,8,8,14,11,8,11,5,38,15,15,21,26,35,21,0,0,0,0,0,0,0,0,0,0,0,0,0,0,0,0,0,0,0,0,0,0,0,0,0,0,0,0,0,0]} 1. e4 c6 2. d4 d5 3. Nc3 {[%cal Bb1c3,Bc3e4,Be4g5][%mdl 32]} dxe4 4. Nxe4 Nd7 5. Ng5 Ngf6 6. Bd3 e6 7. N1f3 Bd6 8. Qe2 h6 9. Ne4 Nxe4 10. Qxe4 Nf6 11. Qe2 b6 12. Bd2 {B17: Caro-Kann: Modern Line (4...Nd7)} Bb7 13. Ne5 Qc7 (13... Bc7 {is interesting.} 14. c3 O-O 15. f4 c5 16. dxc5 Nd7) 14. f4 {White is slightly better.} O-O-O 15. O-O {[#]} Nd5 $146 ({Predecessor:} 15... c5 16. a4 cxd4 17. a5 Kb8 18. axb6 axb6 19. Ra4 h5 20. Rfa1 Bxe5 21. fxe5 {½-½ (32) Blanco Gramajo,C (2562)-Santana Penate,G (2590) ICCF email 2007}) 16. a4 (16. a3 $16) 16... f6 {[#]} (16... a5 $1 $11) 17. Ng6 $1 $16 Rhe8 {[#]} 18. a5 $1 Kb8 19. axb6 ({White should play} 19. c4 $14 Nb4 20. axb6 axb6 21. Bb1) 19... axb6 (19... Qxb6 $11 {keeps the balance.} 20. Qf2 Nb4) 20. Ra4 Ne7 21. Nxe7 Qxe7 22. Bg6 Rf8 23. Re1 f5 24. Qxe6 Qxe6 25. Rxe6 c5 26. c3 cxd4 27. cxd4 Bd5 28. Re2 Bc6 29. Ra1 Rf6 30. Bh5 $1 g6 $132 {[%mdl 2048] Black is not keeping still} 31. Bf3 Bxf3 32. gxf3 Bc7 33. Rae1 Rc6 34. Re8 Rcd6 (34... Kc8 $5) 35. Bc3 Kb7 36. Kf2 Rxe8 37. Rxe8 $11 {[%mdl 4096] Endgame KRB-KRB} Kc6 38. h3 {The position is equal.} Rd8 39. Re6+ Rd6 40. Re7 Rd7 41. d5+ Rxd5 42. Be5 Bxe5 43. fxe5 {KR-KR} Rb5 44. Re6+ Kd5 45. Rxg6 Kxe5 {aiming for ...Kf4.} 46. Rxh6 Rxb2+ 47. Kg3 f4+ 48. Kg4 Rg2+ 49. Kh4 Rg3 50. Rxb6 Rxf3 51. Rb5+ Ke4 52. Rb4+ Kd5 {Precision: White = 68%, Black = 53%.} 1/2-1/2

[Event "1st Turkish League 2017"]
[Site "Konya"]
[Date "2017.07.22"]
[Round "8"]
[White "Mirzoev, Azer"]
[Black "Georgiev, Kiril"]
[Result "1/2-1/2"]
[WhiteElo "2541"]
[BlackElo "2644"]
[Annotator "TA"]
[PlyCount "85"]
[EventType "team-tourn"]
[EventCountry "TUR"]
[SourceTitle "playchess.com"]
[Source "ChessBase"]
[SourceQuality "1"]

{[%evp 14,85,0,-14,-9,-10,3,-5,-5,-5,-3,-6,-4,-7,0,0,0,-8,-8,-18,-8,-7,-2,-5,-10,-10,0,0,0,-5,-5,-8,-2,-10,-1,-21,-12,-22,0,-11,-6,-17,-4,-10,-11,-6,-3,-1,0,-16,-6,-15,-17,-14,-3,-3,-3,-8,-1,-4,-3,-8,0,0,0,0,0,0,0,0,0,0,0,0]} 1. d4 Nf6 2. Nf3 e6 3. c4 b6 4. Nc3 Bb7 5. a3 d5 6. Bg5 Be7 7. Qa4+ Qd7 8. Qb3 {LiveBook: 9 Games. The position is equal. E12: Queen's Indian: Unusual White 4th moves, 4 a3, 4 Nc3 Bb7 5 a3 and 4 Nc3 Bb7} O-O $146 ({Predecessor:} 8... dxc4 9. Qxc4 O-O 10. e3 Rc8 11. Be2 c5 12. O-O cxd4 13. Qxd4 Qxd4 14. Nxd4 Nbd7 15. Rfd1 h6 {½-½ (43) Dobrov,V (2537)-Tkachiev,V (2644) Nancy 2013}) 9. e3 c5 10. cxd5 Nxd5 11. Bb5 Qd8 12. Bxe7 Qxe7 13. dxc5 Nxc3 14. Qxc3 Rc8 15. Be2 Rxc5 16. Qd2 Nd7 {[%cal Bb8d7,Bd7f6,Bf6e4][%mdl 32]} 17. O-O Rac8 {White must now prevent ...Rc2.} 18. Rfc1 Nf6 19. Nd4 h6 20. Qe1 Ne4 21. Bf3 Nd6 22. Bxb7 Qxb7 23. Rd1 e5 (23... Qc7 {seems wilder.} 24. h3 Ne4 25. Nb3 Rc2 26. Rac1 Qb7) 24. Nb3 R5c6 25. Rac1 Rxc1 26. Rxc1 Rxc1 27. Qxc1 Qd5 28. Qc2 Qc4 29. Qd1 Ne4 30. h3 g6 31. Nc1 Nc5 32. Ne2 (32. b4 $5 {[%cal Rb4c5]} Ne4 33. Qd8+ Kg7 34. Nd3 $11) 32... Kg7 33. Nc3 Qd3 34. Qxd3 Nxd3 $11 {[%mdl 4096] Endgame KN-KN} 35. b3 f5 36. Kf1 e4 37. Nb5 a6 38. Nc7 a5 39. Nd5 b5 40. b4 axb4 41. axb4 Kf7 42. Nc3 Nxb4 43. Nxb5 {Precision: White = 61%, Black = 46%.} 1/2-1/2

[Event "1st Turkish League 2017"]
[Site "Konya"]
[Date "2017.07.22"]
[Round "8"]
[White "Shtembuliak, Evgeny"]
[Black "Erdogan, Anil Berk"]
[Result "1-0"]
[WhiteElo "2474"]
[BlackElo "2088"]
[Annotator "TA"]
[PlyCount "149"]
[EventType "team-tourn"]
[EventCountry "TUR"]
[SourceTitle "playchess.com"]
[Source "ChessBase"]
[SourceQuality "1"]

{[%evp 18,149,0,0,7,0,0,0,8,0,0,0,0,0,0,9,53,49,54,52,48,47,49,62,60,65,77,77,68,90,85,78,74,14,14,15,22,0,4,-66,68,68,68,68,68,68,73,83,76,78,83,67,68,68,68,68,68,68,85,85,85,85,85,83,87,87,87,87,88,88,88,83,83,80,182,182,182,175,175,168,168,168,168,153,183,183,183,183,406,414,419,419,393,367,352,352,470,414,461,456,435,435,645,415,376,355,669,667,640,599,1730,1733,29965,29964,29971,29973,29973,29975,29977,29978,29978,29979,29979,29980,29980,29981,29981,29980,29979,29980,29980,29981,29984,29985]} 1. Nf3 Nf6 2. g3 d5 3. Bg2 c6 4. c4 g6 5. Qc2 Bg7 6. O-O O-O 7. d3 Re8 8. Bf4 {A11: English Opening: 1...c6} Nbd7 9. cxd5 Nxd5 10. Bd2 {LiveBook: 8 Games. The position is equal.} a5 $146 ({Predecessor:} 10... c5 11. Nc3 Nb4 12. Qc1 Nc6 13. Bh6 e5 14. Bg5 f6 15. Be3 Kh8 {1-0 (47) Shtembuliak,E (2420)-Roiz,M (2594) Minsk 2015}) 11. Nc3 e5 12. Rac1 N7f6 13. Ng5 h6 14. Nge4 Nxe4 15. Nxe4 Nb4 16. Qa4 Bg4 17. a3 {[%cal Ba2a3,Ba3b4,Bb4b5][%mdl 32]} Nd5 18. Nc5 Bc8 $1 19. b4 {[%cal Rb4a5]} Nb6 20. Qc2 axb4 21. axb4 Nd5 22. b5 $1 b6 23. Na4 cxb5 24. Bxd5 $1 Rxa4 25. Bc6 (25. Qb3 $16) 25... Bd7 $11 26. Qb3 Re6 27. Bd5 Rf6 28. Rc2 ({Better is} 28. Bc3 $11) 28... Be6 (28... Bf8 $15) 29. Bxe6 $14 Rxe6 30. Rfc1 $36 {[%mdl 2048] White is more active.} Ra8 31. Qxb5 e4 {[#]} 32. dxe4 $1 Rxe4 33. Be3 Re6 34. Rd2 (34. Rc6 {is interesting.} Rxc6 35. Qxc6 Rb8 36. Bf4 Ra8 37. Bc7) 34... Qe8 35. Qxe8+ $1 Raxe8 36. Rb1 Rb8 37. Rd5 Kf8 38. Rdb5 Ke8 39. Kf1 h5 40. Bxb6 Be5 41. Be3 Rxb5 42. Rxb5 $16 {[%mdl 4096] Endgame KRB-KRB} Bf6 43. Rb8+ Ke7 44. Bc5+ Kd7 45. Rf8 Kc6 (45... Rc6 $16 {is a better defense.}) 46. Ba3 $18 Be7 47. Bxe7 Rxe7 {[#] KR-KR} 48. Rd8 $1 Re5 49. h3 {[%cal Bh2h3,Bh3h4][%mdl 32]} Kc7 50. Rd4 Ra5 51. Rf4 f5 52. Rd4 Re5 $2 (52... g5 {was called for.} 53. h4 g4) 53. h4 Re8 54. e3 Ra8 55. Kg2 Ra2 56. Kf3 Rb2 57. Ra4 Kb7 58. e4 fxe4+ 59. Rxe4 Rb6 (59... Rb5 $142 60. Re7+ Kb8) 60. Rc4 Rb5 61. Ke4 Rb2 $2 (61... Ra5 62. Rc3 Ra6) 62. f3 {[%cal Bf2f3,Bf3g4,Bg4g5,Bg5g6,Bg6g7][%mdl 32]} Rb5 63. g4 g5 64. hxg5 hxg4 65. fxg4 {White mates.} Rxg5 66. Kf4 Rg8 67. g5 Rf8+ 68. Ke5 Re8+ 69. Kf6 Rf8+ 70. Kg7 Rf1 71. g6 Rg1 72. Kf7 Rf1+ 73. Kg8 Rg1 74. g7 Rg2 75. Rh4 {Precision: White = 81%, Black = 40%.} 1-0

[Event "1st Turkish League 2017"]
[Site "Konya"]
[Date "2017.07.22"]
[Round "8"]
[White "Nechaeva, Marina"]
[Black "Bivol, Alina"]
[Result "1/2-1/2"]
[WhiteElo "2408"]
[BlackElo "2379"]
[Annotator "NA"]
[PlyCount "62"]
[EventType "team-tourn"]
[EventCountry "TUR"]
[SourceTitle "playchess.com"]
[Source "ChessBase"]
[SourceQuality "1"]
[TimeControl "5400+30"]

1. d4 {[%emt 0:00:00]} Nf6 {[%emt 0:00:00]} 2. c4 {[%emt 0:00:00]} g6 {[%emt 0:00:30]} 3. Nc3 {[%emt 0:00:00]} Bg7 {[%emt 0:00:30]} 4. e4 {[%emt 0:00:00]} d6 {[%emt 0:00:30]} 5. f3 {[%emt 0:00:30]} O-O {[%emt 0:00:30]} 6. Nge2 {[%emt 0:00:30]} Nc6 {[%emt 0:00:30]} 7. Be3 {[%emt 0:01:30] [%clk 1:31]} a6 {[%emt 0:01:30]} 8. Qd2 {[%emt 0:00:30]} Rb8 {[%emt 0:00:30]} 9. Rc1 {[%emt 0:00:30]} Bd7 {[%emt 0:00:30]} 10. Nd1 {[%emt 0:06:30] E84: King's Indian: Sämisch Panno: 7 Nge2 a6 8 Qd2 Rb8} (10. h4 h5 11. Nd1 e5 12. d5 Ne7 13. Nf2 Nh7 14. c5 f5 15. Qb4 fxe4 16. fxe4 Rf6 17. cxd6 cxd6 {1-0 (37) Kovalenko,I (2667)-Smirin,I (2676) Poikovsky 2016}) 10... Re8 {[%emt 0:04:30]} 11. Nf2 {[%emt 0:04:30]} e6 {[%emt 0:00:30]} 12. Bg5 {[%emt 0:01:30]} e5 {[%emt 0:02:30]} 13. d5 {[%emt 0:01:30]} Nd4 {[%emt 0:02:30]} 14. Nxd4 {[%emt 0:02:30]} exd4 {[%emt 0:00:30]} 15. Be2 {[%emt 0:00:30]} c5 {[%emt 0:02:30]} 16. dxc6 {[%emt 0:01:30]} bxc6 {[%emt 0:00:30]} 17. Bf4 {[%emt 0:04:30]} Rb7 {[%emt 0:00:30]} 18. Bxd6 {[%emt 0:03:30]} Bh3 $146 {[%emt 0:01:30]} 19. Nxh3 $14 {[%emt 0:05:30]} (19. c5 $16 Bxg2 20. Rg1 Bxf3 21. Bxf3) 19... Qxd6 {[%emt 0:00:30]} 20. Nf2 {[%emt 0:01:30]} Nd7 {[%emt 0:02:30]} 21. O-O {[%emt 0:01:30]} Be5 {[%emt 0:01:30]} 22. g3 {[%emt 0:02:30]} Bxg3 {[%emt 0:02:30]} 23. hxg3 {[%emt 0:00:30]} Qxg3+ {[%emt 0:00:30]} 24. Kh1 {[%emt 0:00:30]} Nf6 {[%emt 0:00:30]} 25. Qxd4 {[%emt 0:03:30]} Nh5 {[%emt 0:00:00]} 26. Rg1 {[%emt 0:01:30]} Qh4+ {[%emt 0:00:00]} 27. Kg2 {[%emt 0:00:30]} Qg5+ {[%emt 0:00:30]} 28. Kh2 {[%emt 0:00:00]} Qf4+ {[%emt 0:01:30]} 29. Kh3 {[%emt 0:01:00]} Qh6 {[%emt 0:01:30]} 30. Kg2 {[%emt 0:01:30]} Qg5+ {[%emt 0:00:30]} 31. Kh2 {[%emt 0:00:30]} Qf4+ {[%emt 0:00:00]} 1/2-1/2

[Event "1st Turkish League 2017"]
[Site "Konya"]
[Date "2017.07.22"]
[Round "8"]
[White "Erturan, Yakup"]
[Black "Mollaoglu, Ergin"]
[Result "1/2-1/2"]
[WhiteElo "2371"]
[BlackElo "2322"]
[Annotator "NA"]
[PlyCount "61"]
[EventType "team-tourn"]
[EventCountry "TUR"]
[SourceTitle "playchess.com"]
[Source "ChessBase"]
[SourceQuality "1"]
[TimeControl "5400+30"]

1. d4 {[%emt 0:00:30]} Nf6 {[%emt 0:02:00]} 2. c4 {[%emt 0:00:30]} c6 {[%emt 0:00:30]} 3. Nc3 {[%emt 0:02:30] [%clk 1:28]} d5 {[%emt 0:01:30]} 4. e3 {[%emt 0:00:30]} g6 {[%emt 0:00:30]} 5. Nf3 {[%emt 0:02:30]} Bg7 {[%emt 0:00:30]} 6. Bd3 {[%emt 0:00:30]} O-O {[%emt 0:01:30]} 7. O-O {[%emt 0:00:00]} dxc4 {[%emt 0:09:30]} 8. Bxc4 {[%emt 0:00:00]} Nd5 {[%emt 0:04:30]} 9. Qe2 {[%emt 0:12:30]} Be6 {[%emt 0:05:30]} 10. e4 {[%emt 0:01:30]} Nxc3 {[%emt 0:01:30]} 11. bxc3 {[%emt 0:00:30]} Bxc4 {[%emt 0:01:30]} 12. Qxc4 {[%emt 0:00:30]} Nd7 {[%emt 0:00:00]} 13. a4 $14 {[%emt 0:03:30]} c5 {[%emt 0:03:00]} 14. Rb1 {[%emt 0:06:30]} Qc7 {[%emt 0:01:30]} 15. Ba3 {[%emt 0:02:30]} Rac8 {[%emt 0:02:30]} 16. e5 {[%emt 0:02:30]} cxd4 {[%emt 0:03:30]} 17. Qxc7 {[%emt 0:04:30]} Rxc7 {[%emt 0:00:00]} 18. cxd4 {[%emt 0:02:30]} Nb6 {[%emt 0:02:00]} 19. a5 {[%emt 0:08:30]} Nd5 {[%emt 0:01:30]} 20. Bc5 {[%emt 0:02:30]} Ra8 {[%emt 0:00:00]} 21. Rb3 {[%emt 0:01:30]} b6 {[%emt 0:03:00]} 22. Bb4 {[%emt 0:01:30]} Rc4 {[%emt 0:09:30]} 23. Bd2 {[%emt 0:03:30]} e6 {[%emt 0:01:30]} 24. Ra1 {[%emt 0:00:30]} Rac8 {[%emt 0:01:30]} 25. Rb2 {[%emt 0:04:30]} h6 {[%emt 0:02:30]} 26. Kf1 {[%emt 0:00:30]} g5 {[%emt 0:01:30]} 27. h3 {[%emt 0:00:30]} Bf8 {[%emt 0:00:30]} 28. g3 {[%emt 0:06:30]} Be7 {[%emt 0:05:30]} 29. axb6 {[%emt 0:00:30]} axb6 {[%emt 0:00:00]} 30. Rba2 {[%emt 0:00:30]} b5 {[%emt 0:04:00]} 31. Ra8 {[%emt 0:00:30]} 1/2-1/2